| 000 | 00723cam a2200205 i 4500 | ||
|---|---|---|---|
| 005 | 20251108173005.0 | ||
| 008 | 250721s2005 jo gr 000 0 ara d | ||
| 082 | 1 | 4 |
_a155.4 _bخ ل ي |
| 100 | 1 |
_aالخليلي، أمل عبدالسلام _eمؤلف. |
|
| 245 | 1 | 0 |
_aتنمية قدرات الإبتكار لدى الأطفال / _cمؤلف.أمل الخليلي. |
| 250 | _aالاولى. | ||
| 264 | 1 |
_aعمان : _bدار صفاء للنشروالتوزيع، _c2005. |
|
| 300 | _a353 صفحة. | ||
| 650 | 1 | 7 | _aالإبداعية. |
| 650 | 1 | 7 | _aسيكولوجية الأطفال. |
| 650 | 1 | 7 | _aرعاية الطفولة. |
| 650 | 1 | 7 | _aالأطفال. |
| 942 |
_2ddc _cBK |
||
| 999 |
_c93522 _d93522 |
||